| 000 | 00407nam a22001697a 4500 | ||
|---|---|---|---|
| 003 | MPLRDC | ||
| 005 | 20220104124422.0 | ||
| 008 | 210129b ||||| |||| 00| 0 eng d | ||
| 082 | _a859.4 THW v.5 c.2 | ||
| 100 | _a林文星策划 | ||
| 245 |
_a龙子太郎 _c |
||
| 260 |
_a _b翰林文化公司 _c |
||
| 300 | _b平 | ||
| 490 | _a童话屋;5 | ||
| 650 | _a儿童故事 | ||
| 942 |
_cBK _o859.4 THW v.5 c.2 |
||
| 999 |
_c19177 _d19167 |
||